Students as key allies in combating school bullying: Leveraging peer perspectives to recognize victimization in high-risk groups

Bullying in schools remains a critical issue, and teachers often struggle to identify students at risk of victimization. This study explores the prevalence of various forms of bullying among high-risk groups in Taiwanese schools, using peer perspectives to gain insight. A total of 1,732 students (73...

Descripción completa

Guardado en:  
Detalles Bibliográficos
Autores principales: Sung, Cheng-Hao (Autor) ; Wu, Chia-Chun (Autor) ; chen, Li-Ming (Autor)
Tipo de documento: Electrónico Artículo
Lenguaje:Inglés
Publicado: 2026
En: Journal of interpersonal violence
Año: 2026, Volumen: 41, Número: 1/2, Páginas: 194-215
Acceso en línea: Volltext (lizenzpflichtig)
Verificar disponibilidad: HBZ Gateway
Palabras clave:

MARC

LEADER 00000caa a22000002c 4500
001 1946015954
003 DE-627
005 20251217145919.0
007 cr uuu---uuuuu
008 251213s2026 xx |||||o 00| ||eng c
024 7 |a 10.1177/08862605241311872  |2 doi 
035 |a (DE-627)1946015954 
035 |a (DE-599)KXP1946015954 
040 |a DE-627  |b ger  |c DE-627  |e rda 
041 |a eng 
084 |a 2,1  |2 ssgn 
100 1 |a Sung, Cheng-Hao  |e VerfasserIn  |4 aut 
245 1 0 |a Students as key allies in combating school bullying: Leveraging peer perspectives to recognize victimization in high-risk groups 
264 1 |c 2026 
336 |a Text  |b txt  |2 rdacontent 
337 |a Computermedien  |b c  |2 rdamedia 
338 |a Online-Ressource  |b cr  |2 rdacarrier 
520 |a Bullying in schools remains a critical issue, and teachers often struggle to identify students at risk of victimization. This study explores the prevalence of various forms of bullying among high-risk groups in Taiwanese schools, using peer perspectives to gain insight. A total of 1,732 students (734 males and 998 females) participated in a survey that measured 10 common types of bullying, assessing both students’ perceptions and the actual frequency of occurrences over the past 6 months. The multidimensional Rasch model (Kelderman, 1996) was employed to analyze the alignment between students’ perceptions of bullying and their actual experiences in school. The study produced three key findings: (a) Students with “personality or behavioral problems” were most likely to be bullied, followed by those with “abnormal appearance” and “hygiene problems.” (b) Peer reports on bullying behavior were generally accurate in identifying victims. (c) In assessing bullying related to “sexual orientation or gender identity,” there was a discrepancy between perceived peer views and the actual frequency of such bullying. These findings suggest that students can be crucial in combating school bullying. Stakeholders involved in prevention efforts should focus on students with personality or behavioral problems, as they are particularly vulnerable to victimization, which can perpetuate the cycle of bullying. In addition, schools should incorporate peer feedback to enhance their strategies for identifying and preventing bullying. 
650 4 |a prevent victimization 
650 4 |a high-risk victims 
650 4 |a bullying recognition 
650 4 |a student peers 
650 4 |a School bullying 
700 1 |a Wu, Chia-Chun  |e VerfasserIn  |0 (orcid)0000-0003-4529-3233  |4 aut 
700 1 |a chen, Li-Ming  |e VerfasserIn  |4 aut 
773 0 8 |i Enthalten in  |t Journal of interpersonal violence  |d London [u.a.] : Sage, 1986  |g 41(2026), 1/2, Seite 194-215  |h Online-Ressource  |w (DE-627)324614721  |w (DE-600)2028900-5  |w (DE-576)276556305  |x 1552-6518  |7 nnas 
773 1 8 |g volume:41  |g year:2026  |g number:1/2  |g pages:194-215 
856 4 0 |u https://doi.org/10.1177/08862605241311872  |x Resolving-System  |z lizenzpflichtig  |3 Volltext  |7 1 
935 |a mkri 
951 |a AR 
ELC |a 1 
LOK |0 000 xxxxxcx a22 zn 4500 
LOK |0 001 4827227861 
LOK |0 003 DE-627 
LOK |0 004 1946015954 
LOK |0 005 20251213043606 
LOK |0 008 251213||||||||||||||||ger||||||| 
LOK |0 035   |a (DE-2619)KrimDok#2025-12-12#EF33168FC34F9578E6E9F046ADD654F13233C57D 
LOK |0 040   |a DE-2619  |c DE-627  |d DE-2619 
LOK |0 092   |o n 
LOK |0 852   |a DE-2619 
LOK |0 852 1  |9 00 
LOK |0 935   |a zota 
LOK |0 939   |a 13-12-25  |b l01 
ORI |a SA-MARC-krimdoka001.raw